Sports Quiz

Random Sports Quiz

Heisman Runnr-Up Quiz Stats

Quiz not verified by Sporcle

Challenge
Share
Tweet
Embed
Score 0/20 Timer 07:00
0 Plays Today
Year Runner-Up % Correct
2009Toby Gerhart
64.1%
2008Colt McCoy
61.5%
2007Darren McFadden
56.4%
2005Vince Young
53.8%
1997Peyton Manning
43.6%
2006Darren McFadden
42.3%
2000Josh Heupel
39.7%
2004Adrian Peterson
28.2%
1995Tommy Frazier
26.9%
2003Larry Fitzgerald
23.1%
Year Runner-Up % Correct
2002Brad Banks
23.1%
1994Ki-Jana Carter
21.8%
2001Rex Grossman
19.2%
1992Marshall Faulk
17.9%
1996Troy Davis
15.4%
1990Rocket Ismail
12.8%
1993Heath Schuler
11.5%
1991Casey Weldon
7.7%
1999Joe Hamilton
3.8%
1998Michael Bishop
3.8%

You're not logged in!

Compare scores with friends on all Sporcle quizzes.
Join for Free
OR
Log In

You Might Also Like...

Show Comments

Extras

Top Quizzes Today


Score Distribution

Your Account Isn't Verified!

In order to create a playlist on Sporcle, you need to verify the email address you used during registration. Go to your Sporcle Settings to finish the process.

Report this User

Report this user for behavior that violates our Community Guidelines.

Details: